Barraques : la Barcelona informal del segle XX / Mercè Tatjer i Cristina Larrea (editores) la Barcelona informal del segle XX / Mercè Tatjer i Cristina Larrea (editores)
ISBN:
978-84-9850-290-9
Publicado:
Barcelona :
MUHBA, Museu d'Història de Barcelona : Ajuntament de Barcelona, Institut de Cultura ,
2010
Descripción Física:
293 p. : il. ; 24 cm + 1 mapa
Colección:
Pòsits ; 4
MARC
| LEADER | 00000nam a2200000Ia 4500 | ||
|---|---|---|---|
| 001 | 23120 | ||
| 008 | 160829s2010 xx 000 0 cat d | ||
| 020 | |a 978-84-9850-290-9 | ||
| 080 | |a B-2-241 | ||
| 245 | |a Barraques : |b la Barcelona informal del segle XX / Mercè Tatjer i Cristina Larrea (editores) | ||
| 260 | |a Barcelona : |b MUHBA, Museu d'Història de Barcelona : |b Ajuntament de Barcelona, Institut de Cultura, |c 2010 | ||
| 300 | |a 293 p. : |b il. ; |c 24 cm + 1 mapa | ||
| 490 | |a Pòsits ; 4 | ||
| 590 | |a Bibliografia | ||
| 650 | |a Barraques |x Barcelona |x S. XX |9 40910 | ||
| 650 | |a Urbanisme |x Barcelona |x S. XX |9 40911 | ||
| 650 | |a Barraquisme |x Barcelona |x S. XX |9 40912 | ||
| 700 | 1 | |a Larrea, Cristina |9 40913 | |
| 700 | |a Tatjer, Mercè, ed. |9 40914 | ||
| 700 | |a Museu d'Història de la Ciutat (Barcelona) | ||
| 710 | 2 | |a Institut de Cultura (Barcelona, Catalunya) |9 53422 | |
| 901 | |a Arxiu | ||
| 942 | |n 1 | ||
| 952 | |0 0 |1 0 |4 0 |6 B2241 |7 1 |9 49958 |a Arxiu |b Arxiu |d 2016-12-01 |l 0 |o B-2-241 |p 23120 |r 2016-12-01 00:00:00 |w 2016-12-01 |y ARXIU | ||
| 999 | |c 53800 |d 53800 | ||